| 000 | 00685nam a22002291i 4500 | ||
|---|---|---|---|
| 001 | 35100 | ||
| 003 | BD-RjUL | ||
| 005 | 20211209052247.0 | ||
| 008 | 140521s1962 pk 000 0 eng d | ||
| 035 | _a(BD-RjUL)35194 | ||
| 040 |
_aDLC _cDLC _dDLC _dBD-RjUL _beng |
||
| 041 | _aeng | ||
| 082 |
_a330.9549105 _bSTA 1962 |
||
| 110 | 2 |
_aNational Institute of Public Administration (Lahore, Pakistan) _911912 |
|
| 245 | 1 | 0 |
_aStatistics and public administration : _ban introductory hand-book / |
| 260 |
_aLahore : _bNIPA, _c1962. |
||
| 300 |
_a64 p. : _bill. ; _c22 cm. |
||
| 651 | 0 |
_aPakistan _vStatistics. _9106867 |
|
| 942 |
_2ddc _cBK |
||
| 999 |
_c35100 _d35100 |
||